MARC details
| 000 -LÍDER |
| campo de controle de tamanho fixo |
02247nam a2200301 4500 |
| 001 - NÚMERO DE CONTROLE |
| campo de controle |
445 |
| 003 - IDENTIFICADOR DO NÚMERO DE CONTROLE |
| campo de controle |
OSt |
| 005 - DATA E HORÁRIO DA ÚLTIMA TRANSAÇÃO |
| campo de controle |
20250701104710.0 |
| 008 - CAMPO DE DADOS FIXOS--INFORMAÇÃO GERAL |
| campo de controle de tamanho fixo |
250701b |||||||g |||| 00| j eng d |
| 020 ## - ISBN - INTERNATIONAL STANDARD BOOK NUMBER |
| ISBN - International Standard Book Number |
9788508134830 |
| 040 ## - FONTE DA CATALOGAÇÃO |
| Idioma da catalogação |
por |
| 041 ## - CÓDIGO DE IDIOMA |
| Código do idioma do texto/trilha sonora ou título diferente |
por |
| 082 ## - CDD - CLASSIFICAÇÃO DECIMAL DE DEWEY |
| Número de Classificação |
028.5 |
| Número do exemplar |
B214g |
| 100 1# - ENTRADA PRINCIPAL--NOME PESSOAL |
| Nome pessoal |
Bandeira, Pedro |
| Datas associadas ao nome |
1942- |
| 9 (RLIN) |
977 |
| 245 ## - TÍTULO |
| Título |
O Grande Desafio / |
| Indicação de responsabilidade, etc. |
Bandeira, Pedro ; Ilustrações de Kris Zullo |
| 250 ## - EDIÇÃO |
| Declaração de edição |
8 ed. |
| 260 ## - PUBLICAÇÃO, DISTRIBUIÇÃO, ETC. |
| Local de publicação, distribuição, etc. |
São Paulo |
| Nome do editor, distribuidor, etc. |
Ática |
| Data da publicação, distribuição, etc. |
2010 |
| 300 ## - DESCRIÇÃO FÍSICA |
| Extensão |
160 p. |
| Outros detalhes físicos |
il. |
| 520 ## - NOTA DE RESUMO, ETC. |
| Resumo, etc. |
Toni se destaca em tudo. É um dos melhores alunos da escola, excelente nadador e fera em computadores. Ele pode fazer tudo o que um garoto de sua idade é capaz. Ou quase tudo...<br/>Inseguro em relação a garotas, Toni não sabe o que fazer para conquistar Carla. A distância entre os dois desaparece no dia em que o pai da garota é preso. Toni não acredita na culpa de seu Afonso e, com a ajuda de Carla, tenta desvendar o mistério por trás do crime.<br/>Conspirações e terríveis segredos escondem-se entre as paredes do conceituado Colégio Professora Cidinha Moura. Para superar os obstáculos e descobrir a verdade, Toni precisará de muita coragem e determinação. Mas isso ele tem de sobra...<br/><br/><br/>O repúdio à censura, o horror a qualquer tipo de violência, a lembrança das pessoas presas e desaparecidas tiveram, sem dúvida, parte grande na matéria que fecunda o misterioso momento da criação das histórias dos Karas. Talvez se deva a esta sábia mistura entre o individual e o coletivo, que há mais de vinte anos a turma dos Karas - Miguel, Calu, Crânio, Magrí e Chumbinho - alimente o desejo de aventura, o entusiasmo pela vida e a crença nos jovens que são a marca de bons livros infantis e juvenis.<br/><br/>A expressão que define a turma - o avesso dos coroas, o contrário dos caretas - tem apelo forte para um público jovem ao frisar o caráter contestador e ousado dos heróis das histórias, exemplares do contagioso protagonismo da juventude. |
| 650 #0 - ASSUNTO--TERMO TÓPICO |
| Cabeçalho tópico ou nome geográfico |
Literatura Brasileira |
| 9 (RLIN) |
205 |
| 650 #0 - ASSUNTO--TERMO TÓPICO |
| Cabeçalho tópico ou nome geográfico |
Infantojuvenil |
| 9 (RLIN) |
200 |
| 650 #0 - ASSUNTO--TERMO TÓPICO |
| Cabeçalho tópico ou nome geográfico |
Romance juvenil |
| 9 (RLIN) |
981 |
| 650 #0 - ASSUNTO--TERMO TÓPICO |
| Cabeçalho tópico ou nome geográfico |
Amizade |
| 9 (RLIN) |
556 |
| 655 #0 - TERMO DE ÍNDICE--GÊNERO E FORMA |
| Gênero/forma/ou termo foco |
Romance |
| 655 #0 - TERMO DE ÍNDICE--GÊNERO E FORMA |
| Gênero/forma/ou termo foco |
Ficção |
| 700 ## - ENTRADA ADICIONADA - NOME PESSOAL |
| Nome pessoal |
Kris Zullo |
| Função do autor por extenso |
ILUSTRADOR |
| 9 (RLIN) |
980 |
| 942 ## - ELEMENTOS DE ENTRADA ADICIONADOS (KOHA) |
| Fonte de classificação ou esquema de arquivamento |
Classificação decimal de Dewey |
| Ocultar no OPAC |
Não |
| Tipo de material Koha |
Livros |